Talk Too Much - Renee Rapp (All Lyrics) - Statistics

General Stats
  • This quiz has been taken 32 times
  • The average score is 361 of 475
Answer Stats
Lyrics % Correct
a
96%
I
96%
I,
96%
(I
96%
talk
96%
much
92%
to
92%
too
92%
I'm
88%
I'm,
88%
(I'm
88%
in
88%
(In
88%
just
88%
the
88%
then
88%
think
88%
And
83%
and
83%
be
83%
Do
83%
(Do
83%
do
83%
here
83%
if
83%
If
83%
if,
83%
It
83%
it
83%
know
83%
me?
83%
me?)
83%
my
83%
My
83%
so
83%
So
83%
we
83%
you
83%
you)
83%
you?
83%
as
79%
but
79%
But
79%
it's
79%
May
79%
of
79%
see
79%
again,
75%
blue
75%
break
75%
car
75%
have
75%
myself
75%
that
75%
up
75%
up)
75%
We'll
75%
we'll
75%
what
75%
close
71%
crazy
71%
drive
71%
everything
71%
eyes
71%
happiness
71%
head)
71%
I'll
71%
like
71%
Like,
71%
like,
71%
love
71%
no
71%
out
71%
over
71%
own
71%
rains,
71%
rains
71%
right?
71%
right,
71%
right
71%
right?)
71%
should
71%
sign
71%
sign?
71%
sign)
71%
silence
71%
sit
71%
talkin'
71%
while
71%
with
71%
wonder
71%
all
67%
Are
67%
are,
67%
are
67%
by
67%
'Cause
67%
could
67%
deal
67%
Don't
67%
don't
67%
forever
67%
(Forever)
67%
hell
67%
mad
67%
made
67%
make
67%
maybe
67%
mean?
67%
mean
67%
not
67%
not,
67%
ooh
67%
ooh,
67%
Ooh
67%
quit
67%
still
67%
takin'
67%
That's
67%
today
67%
actually
63%
does
63%
feel
63%
hate
63%
probably
63%
said
63%
sayin'
63%
there
63%
'til
63%
wanna
63%
bleed
58%
blood
58%
didn't
58%
dream
58%
idea
58%
idea)
58%
more
58%
mouth
58%
Tasted
58%
this
58%
at
54%
cute
54%
even
54%
is
54%
left
54%
look
54%
Woke
54%
(Ah,
50%
care
50%
care)
50%
forgive
50%
fuck
50%
Okay,
50%
okay,
50%
shut
50%
having
46%
Mm
46%
mm
46%
(Mm)
46%
resent
46%
(Resent
46%
shit,
46%
cool
42%
gonna
42%
honest,
42%
Holy
33%
hmm
29%
was
29%
wonderin'
29%
wanted
25%
sigh
4%
ut
4%
No matching quizzes found
Score Distribution
Percent of People with Each Score
Percentile by Number Answered
Your Score History
You have not taken this quiz